Statistics for Five Nights at Freddy's 3 Characters

Click here to take the quiz!

General Stats

  • This quiz has been taken 17 times
  • The average score is 12 of 15

Answer Stats

HintAnswer% Correct
Appears in the Good and Bad endingFreddy Fazbear
100%
Main antagonistSpringtrap
92%
Walks to you in her jumpscarePhantom Chica
85%
Lunges at youPhantom Foxy
85%
Falls down in the hallwayPhantom Freddy
85%
Springtrap before SpringtrapSpringBonnie
85%
Appears in the Good and Bad endingFoxy
77%
Presumed security guardMichael Afton
77%
Also lunges at youPhantom Balloon Boy
77%
Blocks your screenPhantom Puppet
77%
Appears in the Good and Bad endingBonnie
69%
Appears in the Good and Bad endingChica
69%
Does not have a jumpscarePhantom Mangle
69%
Appears in only the Bad endingGolden Freddy
62%
One of the minigame charactersFredbear
54%

Score Distribution

Percentile by Number Answered

Percent of People with Each Score

Your Score History

You have not taken this quiz